|
|
|
|
| LEADER |
00000cam a2200000 a 4500 |
| 001 |
vtls008841159 |
| 003 |
SK-MaSNL |
| 005 |
20260301022014.0 |
| 008 |
060822s2005 xxka f 001 0 eng |
| 020 |
|
|
|a 1841844055 (viaz.)
|
| 040 |
|
|
|a SNK
|b slo
|c SNK
|e AACR2
|
| 041 |
0 |
|
|a eng
|
| 044 |
|
|
|a uk
|a us
|c GB
|c US
|
| 072 |
|
7 |
|a 617
|x Ortopédia. Chirurgia. Oftalmológia
|2 konspekt
|
| 072 |
|
7 |
|a 611
|x Anatómia človeka a porovnávacia anatómia
|2 konspekt
|
| 080 |
|
|
|a 617-089.11
|2 2001
|
| 080 |
|
|
|a 611.9
|2 2001
|
| 080 |
|
|
|a (084.42)
|2 2001
|
| 245 |
0 |
3 |
|a An Atlas of surgical anatomy
|c surgical commentary by Alain C. Masquelet ; illustrations by Léon Dorn
|
| 250 |
|
|
|a 1st publ.
|
| 260 |
|
|
|a London
|a New York
|b Taylor & Francis
|c 2005
|
| 300 |
|
|
|a xii, 232 s.
|b ilustr.
|c 29 cm
|e 1 CD
|
| 650 |
0 |
7 |
|a chirurgická anatómia
|2 SNKPH
|9 89730
|
| 650 |
0 |
7 |
|a topografická anatómia
|2 SNKPH
|9 2606
|
| 650 |
0 |
7 |
|a Surginal anatomy
|2 SNKPHeng
|9 311899
|
| 650 |
0 |
7 |
|a Topographic anatomy
|2 SNKPHeng
|9 92248
|
| 655 |
|
7 |
|a atlasy
|2 SNKPH
|9 70424
|
| 655 |
|
7 |
|a Atlases
|2 SNKPHeng
|9 280087
|
| 700 |
1 |
|
|a Masquelet, Alain C.
|4 cwt
|9 311900
|
| 700 |
1 |
|
|a Dorn, Léon
|4 ill
|9 311901
|
| 919 |
|
|
|a 1-84184-405-5
|
| 999 |
|
|
|c 566608
|d 568538
|
| 952 |
|
|
|t snkSUR 617:611(084.42) príl.
|a SNKMST
|b SNKMST
|y PREZ
|7 0
|p 17A0510298
|o snkIB 71238/pril.
|i snk2006/17207
|8 3
|z Príloha
|0 0
|1 0
|4 0
|d 2006-09-04
|l 0
|r 2025-08-12 00:00:00
|w 2026-02-23
|
| 952 |
|
|
|t snkSUR 617:611(084.42)
|a SNKUST
|b SNKUST
|y PREZ
|7 0
|p 17A0510236
|o snkIB 71238
|i snk2006/17207
|8 3
|g 286.80
|3 Príloha: 1 CD-ROM
|0 0
|1 0
|4 0
|d 2006-09-04
|l 0
|r 2025-05-28 00:00:00
|w 2026-02-23
|